Faculty of Law Library — Cairo University

Official Online Catalog

Reporting crime : (Record no. 54582)

MARC details
000 -LEADER
fixed length control field 01442cac a2200397 i 4500
003 - CONTROL NUMBER IDENTIFIER
control field EG-GICUC
005 - DATE AND TIME OF LATEST TRANSACTION
control field 20260121101648.0
008 - FIXED-LENGTH DATA ELEMENTS--GENERAL INFORMATION
fixed length control field 931217s1994 enk frb 001 0 eng d
020 ## - INTERNATIONAL STANDARD BOOK NUMBER
International Standard Book Number 0198258380 (acidfree paper) :
Terms of availability £35.00
020 ## - INTERNATIONAL STANDARD BOOK NUMBER
International Standard Book Number 0198258399 (pbk. : acidfree paper) :
Terms of availability £12.95
020 ## - INTERNATIONAL STANDARD BOOK NUMBER
International Standard Book Number 9780198258384
020 ## - INTERNATIONAL STANDARD BOOK NUMBER
International Standard Book Number 9780198258391
040 ## - CATALOGING SOURCE
Original cataloging agency DLC
Transcribing agency DLC
Modifying agency DLC
-- EG-GICUC
Language of cataloging eng
Description conventions rda
043 ## - GEOGRAPHIC AREA CODE
Geographic area code e-gx---
050 00 - LIBRARY OF CONGRESS CALL NUMBER
Classification number PN5124.C74
Item number S35 1994
082 00 - DEWEY DECIMAL CLASSIFICATION NUMBER
Classification number 343.425
Edition number 21
092 04 - LOCALLY ASSIGNED DEWEY CALL NUMBER (OCLC)
Edition number 21
099 ## - LOCAL FREE-TEXT CALL NUMBER (OCLC)
Classification number Law 10 1994
100 1# - MAIN ENTRY--PERSONAL NAME
Personal name Schlesinger, Philip,
Dates associated with a name 1948-
245 10 - TITLE STATEMENT
Title Reporting crime :
Remainder of title the media politics of criminal justice /
Statement of responsibility, etc. Philip Schlesinger and Howard Tumber.
264 ## - PRODUCTION, PUBLICATION, DISTRIBUTION, MANUFACTURE, AND COPYRIGHT NOTICE
Place of production, publication, distribution, manufacture Oxford :
Name of producer, publisher, distributor, manufacturer Clarendon Press ;
Place of production, publication, distribution, manufacture New York :
Name of producer, publisher, distributor, manufacturer Oxford University Press,
Date of production, publication, distribution, manufacture, or copyright notice 1994.
300 ## - PHYSICAL DESCRIPTION
Extent viii, 287 page ;
Dimensions 23 cm.
336 ## - CONTENT TYPE
Content type term text
Content type code txt
Source rdacontent
337 ## - MEDIA TYPE
Media type term Computer
Media type code n
Source rdamedia
338 ## - CARRIER TYPE
Carrier type term Online Resource
Carrier type code nc
Source rdacarrier
440 #0 - SERIES STATEMENT/ADDED ENTRY--TITLE
Title Clarendon studies in criminology
504 ## - BIBLIOGRAPHY, ETC. NOTE
Bibliography, etc. note Includes bibliographical references and index.
650 #0 - SUBJECT ADDED ENTRY--TOPICAL TERM
Topical term or geographic name entry element Crime and the press
Geographic subdivision Great Britain
General subdivision History
650 #0 - SUBJECT ADDED ENTRY--TOPICAL TERM
Topical term or geographic name entry element Crime in mass media.
650 #0 - SUBJECT ADDED ENTRY--TOPICAL TERM
Topical term or geographic name entry element Mass media
General subdivision Social aspects.
700 1# - ADDED ENTRY--PERSONAL NAME
Personal name Tumber, Howard.
856 42 - ELECTRONIC LOCATION AND ACCESS
Materials specified Publisher description
Uniform Resource Identifier <a href="http://www.loc.gov/catdir/enhancements/fy0638/93049445-d.html">http://www.loc.gov/catdir/enhancements/fy0638/93049445-d.html</a>
856 42 - ELECTRONIC LOCATION AND ACCESS
Uniform Resource Identifier <a href="https://fll.law.cu.edu.eg/fulltext/bks/ENGB10-00153.pdf">https://fll.law.cu.edu.eg/fulltext/bks/ENGB10-00153.pdf</a>
905 ## - Cataloger and Reviser Names
Cataloger Name: Hend El khosy
942 ## - ADDED ENTRY ELEMENTS (KOHA)
Source of classification or shelving scheme Dewey Decimal Classification
Koha item type Books
Edition 21
Suppress in OPAC No
Holdings
Withdrawn status Lost status Source of classification or shelving scheme Damaged status Not for loan Collection Home library Current library Date acquired Total checkouts Full call number Barcode Date last seen Copy number Price effective from Koha item type Public note
    Dewey Decimal Classification     القانون الجنائي جــــامعة القــاهرة مكتبة كلية الحقوق - فـرع الشيخ زايد 05.01.2026   Law2 10 343.425 SC . R 1994 1000153 C1 ENGB10-00153 05.01.2026 1 05.01.2026 Books 1539

© All rights reserved — Faculty of Law, Cairo University